000 00989nam a2200313Ia 4500
003 OSt
005 20221007125635.0
006 a|||||r|||| 00| 0
007 ta
008 221006b |||||||| |||| 00| 0 eng d
020 _a0805338438 (hbd)
_cRs.3067.79
024 _a17704
037 _b188, 16/03/2006, Dhanraj Book House
_cTextual
040 _aCDL
_cCDL
_beng
041 _2eng
_aeng
082 _aE:219, P6 Carc
100 _aEngel Thomas
_9717871
245 0 _aQuantum chemistry and spectroscopy
260 _aSan
_bFrancisco Pearson Education, Inc.
_c2006
300 _axiv, 489p.
_ccm.
500 _aAppendix A-C, 447-480p.; Index 481-489p.
650 _a Physical chemistry
_9192709
650 _a Quantum chemistry
650 _a Spectroscopy
_9479665
650 _a Theoretical chemistry
650 _aChemistry
942 _hE:219, P6 Carc
_cTEXL
_2CC
999 _c1215633
_d1215633